<?xml version="1.0" encoding="UTF-8"?>
<record
    xmlns:xsi="http://www.w3.org/2001/XMLSchema-instance"
    xsi:schemaLocation="http://www.loc.gov/MARC21/slim http://www.loc.gov/standards/marcxml/schema/MARC21slim.xsd"
    xmlns="http://www.loc.gov/MARC21/slim">

  <leader>00366nam a2200133Ia 4500</leader>
  <controlfield tag="008">230411s9999    xx            000 0 und d</controlfield>
  <datafield tag="041" ind1=" " ind2=" ">
    <subfield code="a">eng</subfield>
  </datafield>
  <datafield tag="082" ind1=" " ind2=" ">
    <subfield code="a">AD/610.6/VEE/B08610</subfield>
  </datafield>
  <datafield tag="100" ind1=" " ind2=" ">
    <subfield code="a">Veerabhadrappa GM</subfield>
    <subfield code="9">106523</subfield>
  </datafield>
  <datafield tag="245" ind1=" " ind2=" ">
    <subfield code="a">Solved Papers in Nursing Administration</subfield>
  </datafield>
  <datafield tag="260" ind1=" " ind2=" ">
    <subfield code="b">S Vikas and Co</subfield>
    <subfield code="a">Jalandhar</subfield>
    <subfield code="c">2016</subfield>
  </datafield>
  <datafield tag="300" ind1=" " ind2=" ">
    <subfield code="a">251p</subfield>
  </datafield>
  <datafield tag="999" ind1=" " ind2=" ">
    <subfield code="c">158234</subfield>
    <subfield code="d">158234</subfield>
  </datafield>
  <datafield tag="952" ind1=" " ind2=" ">
    <subfield code="0">0</subfield>
    <subfield code="1">0</subfield>
    <subfield code="4">0</subfield>
    <subfield code="7">0</subfield>
    <subfield code="8">AD</subfield>
    <subfield code="a">BTIN</subfield>
    <subfield code="b">BTIN</subfield>
    <subfield code="d">2017-03-30</subfield>
    <subfield code="e">Samutkarsh</subfield>
    <subfield code="g">225.00</subfield>
    <subfield code="i">1435</subfield>
    <subfield code="j">2</subfield>
    <subfield code="l">4</subfield>
    <subfield code="m">2</subfield>
    <subfield code="o">AD 610.6 VEE B08610</subfield>
    <subfield code="p">BTIN-BK-8610</subfield>
    <subfield code="r">2025-07-04 00:00:00</subfield>
    <subfield code="s">2025-06-16</subfield>
    <subfield code="v">164.25</subfield>
    <subfield code="w">2017-03-30</subfield>
    <subfield code="y">BK</subfield>
    <subfield code="z">B08610</subfield>
  </datafield>
</record>
